<?xml version="1.0" encoding="UTF-8"?><?xml-stylesheet type="text/xsl" href="static/style.xsl"?><OAI-PMH xmlns="http://www.openarchives.org/OAI/2.0/" xmlns:xsi="http://www.w3.org/2001/XMLSchema-instance" xsi:schemaLocation="http://www.openarchives.org/OAI/2.0/ http://www.openarchives.org/OAI/2.0/OAI-PMH.xsd"><responseDate>2026-04-14T18:51:15Z</responseDate><request verb="GetRecord" identifier="oai:uvadoc.uva.es:10324/36092" metadataPrefix="marc">https://uvadoc.uva.es/oai/request</request><GetRecord><record><header><identifier>oai:uvadoc.uva.es:10324/36092</identifier><datestamp>2021-06-29T23:32:52Z</datestamp><setSpec>com_10324_38</setSpec><setSpec>col_10324_852</setSpec></header><metadata><record xmlns="http://www.loc.gov/MARC21/slim" xmlns:doc="http://www.lyncode.com/xoai" xmlns:xsi="http://www.w3.org/2001/XMLSchema-instance" xmlns:dcterms="http://purl.org/dc/terms/" xsi:schemaLocation="http://www.loc.gov/MARC21/slim http://www.loc.gov/standards/marcxml/schema/MARC21slim.xsd">
<leader>00925njm 22002777a 4500</leader>
<datafield tag="042" ind1=" " ind2=" ">
<subfield code="a">dc</subfield>
</datafield>
<datafield tag="720" ind1=" " ind2=" ">
<subfield code="a">Merced Alcalde, Ana Loreto de la</subfield>
<subfield code="e">author</subfield>
</datafield>
<datafield tag="260" ind1=" " ind2=" ">
<subfield code="c">2018</subfield>
</datafield>
<datafield tag="520" ind1=" " ind2=" ">
<subfield code="a">La dimensión temporal de los convenios colectivos, normas con una duración funcionalmente limitada, es una de las características más relevantes de esta norma colectiva.&#xd;
Con la aprobación del Estatuto de los Trabajadores de 1980 se instauró la figura legal de la ultraactividad, permitiendo la prórroga indefinida de las cláusulas normativas de los convenios una vez finalizado su plazo de vigencia establecido.&#xd;
La crisis económica iniciada en nuestro país en el año 2008 conllevó la aprobación de distintas reformas legislativas en materia laboral. Dichas reformas provocaron importantes cambios en la negociación colectiva, como la actual normativa sobre la vigencia de los convenios colectivos y, en especial, el articulo 86.3 in fine y la Disposición Transitoria Cuarta de la Ley 3/2012 que regulan la nueva limitación temporal de la ultraactividad.</subfield>
</datafield>
<datafield tag="024" ind2=" " ind1="8">
<subfield code="a">http://uvadoc.uva.es/handle/10324/36092</subfield>
</datafield>
<datafield tag="245" ind1="0" ind2="0">
<subfield code="a">La ultraactividad de los convenios colectivos y sus efectos sobre las condiciones de trabajo</subfield>
</datafield>
</record></metadata></record></GetRecord></OAI-PMH>